000 00350nam a22001217a 4500
003 OSt
005 20260211091332.0
008 260211b |||||||| |||| 00| 0 eng d
040 _cEarnest Publishers
082 _a261.832
_bBYA
245 _aAm I my Brothers Keeper? HIV / AIDS Theological , Ethical &Pastoral Reflections on Genesis 4:9
942 _2ddc
_cBK
999 _c4153
_d4153